Statistics for Countries Closest to Tunisia by First Two Letters

Click here to take the quiz!

General Stats

  • This quiz has been taken 132 times
  • The average score is 13 of 20

Answer Stats

kmcountrymiles% Correct
805Albania500
99%
0Algeria0
99%
0Libya0
94%
700Monaco435
94%
874Montenegro543
94%
807Morocco501
94%
71Italy44
91%
498Spain310
90%
288Malta179
89%
450France280
76%
787Greece489
69%
786Niger488
61%
554Vatican City345
59%
702San Marino436
57%
856Andorra532
36%
871Croatia541
28%
957Slovenia595
27%
921Switzerland572
27%
870Bosnia and
Herzegovina
541
24%
937North Macedonia582
21%

Score Distribution

Percentile by Number Answered

Percent of People with Each Score

Your Score History

You have not taken this quiz